000 01347nam a22003017a 4500
001 4649
003 FISKH
005 20260424162259.0
008 240918b cb ||||| |||| 00| 0 eng d
040 _aFISKH
_bKhmer
_cFISKH
_dFISKH
050 _aPZ7
082 _a800
100 _aReaksmey, Am
_eauthor
245 _aដើរលេង /
_cby Am Reaksmey
250 _aបោះះពុម្ពលើកទី១ខែកក្កដាឆ្នាំ២០០៧
260 _aភ្នំពេញ :
_b កិច្ចសហប្រតិបត្តិការអភិវឌ្ឍន៍ប៊ែលហ្ស៊ិក ;
_c២០០៧ .
300 _a8 pages :
_bcolor illustrations ;
_c25 cm .
505 _aC
520 _aបងប្អូន​ទៅ​ដើរ​លេង​ក៏​ជួប​គ្រោះ​ថ្នាក់​ដែរ ប៉ុន្តែ​ពួក​គាត់​សប្បាយ​ចិត្ត។
520 _aBrothers went for a walk and accidents happend, but they did have fun .
521 8 _a100
_bLexile estimate
521 8 _aC
_bRaz-Plus
650 _aគ្រោះថ្នាក់
_vរឿងនិទានកុមារ
650 _aaccident
_vchildren's stories
700 _aRotha, Ouk
_eillustrator
942 _2ddc
_cKHB
_n0
999 _c4649
_d4649